书目信息 |
| 题名: |
拈花一笑
|
|
| 作者: | 方方 文 ;吴兴宏 画 | |
| 分册: | ||
| 出版信息: | 北京 西苑出版社 2013 |
|
| 页数: | 214页 | |
| 开本: | 23cm | |
| 丛书名: | 中国当代名人语画书系 | |
| 单 册: | ||
| 中图分类: | I267.1 , J228.2 | |
| 科图分类: | ||
| 主题词: | 杂文--中国--现代--选集 , 漫画--中国--现代--画册 | |
| 电子资源: | ||
| ISBN: | 978-7-80108-385-2 | |
| 000 | 00977nam2 2200301 450 | |
| 001 | 340013 | |
| 005 | 20150604162333.04 | |
| 010 | @a978-7-80108-385-2@dCNY27.80 | |
| 100 | @a20010316d2000 em y0chiy0110 ea | |
| 101 | 0 | @achi |
| 102 | @aCN@b110000 | |
| 105 | @aa t 000cy | |
| 106 | @ar | |
| 200 | 1 | @a拈花一笑@Anian hua yi xiao@f方方文@g吴兴宏画 |
| 205 | @a第2版 | |
| 210 | @a北京@c西苑出版社@d2013 | |
| 215 | @a214页@c图@d23cm | |
| 225 | 2 | @a中国当代名人语画书系 |
| 330 | @a本书收录了“失败的滋味不好受”、“失败只是一根橡皮棍”、“一种喝茶叫俗饮”、“胜利属于那个最有钱的”、“有一种人天生爱看热闹”等200余篇杂文, 并每篇配以形象的漫画。 | |
| 410 | 0 | @12001 @a中国当代名人语画书系 |
| 606 | 0 | @a杂文@y中国@z现代@j选集 |
| 606 | 0 | @a漫画@y中国@z现代@j画册 |
| 690 | @aI267.1@v5 | |
| 690 | @aJ228.2@v5 | |
| 701 | 0 | @a方方@Afang fang@c(女, @f1955)@4文 |
| 702 | 0 | @a吴兴宏@Awu xing hong@4画 |
| 801 | 0 | @aCN@b卓展宏图@c20150525 |
| 905 | @dI267.1@e1685=2@f5 | |
| 拈花一笑/方方文/吴兴宏画.-第2版.-北京:西苑出版社,2013 |
| 214页:图;23cm.-(中国当代名人语画书系) |
| ISBN 978-7-80108-385-2:CNY27.80 |
| 本书收录了“失败的滋味不好受”、“失败只是一根橡皮棍”、“一种喝茶叫俗饮”、“胜利属于那个最有钱的”、“有一种人天生爱看热闹”等200余篇杂文, 并每篇配以形象的漫画。 |
| ● |
| 相关链接 |
|
|
|
|
正题名:拈花一笑
索取号:I267.1/1685=2
 
预约/预借
| 序号 | 登录号 | 条形码 | 馆藏地/架位号 | 状态 | 备注 |
| 1 | 855371 | 208553714 | 第一样本阅览室/ [索取号:I267.1/1685=2] | 在馆 | |
| 2 | 855372 | 208553723 | 第二借阅区/ [索取号:I267.1/1685=2] | 在馆 | |
| 3 | 855373 | 208553732 | 第二借阅区/ [索取号:I267.1/1685=2] | 在馆 | |
| 4 | 855374 | 208553741 | 教育系资料室/ [索取号:I267.1/1685=2] | 在馆 | |
| 5 | 855375 | 208553750 | 教育系资料室/ [索取号:I267.1/1685=2] | 在馆 |